Scott and another v Martin and others (Record no. 4069)
[ view plain ]
| 000 -LEADER | |
|---|---|
| fixed length control field | 01397cab a2200181 4500 |
| 001 - CONTROL NUMBER | |
| control field | ABS37806 |
| 008 - FIXED-LENGTH DATA ELEMENTS--GENERAL INFORMATION | |
| fixed length control field | 090401t1987 xxu||||| |||| 00| 0 eng d |
| 035 ## - SYSTEM CONTROL NUMBER | |
| System control number | (Sirsi) u6844 |
| 041 ## - LANGUAGE CODE | |
| Language code of text/sound track or separate title | eng |
| 245 ## - TITLE STATEMENT | |
| Title | Scott and another v Martin and others |
| 260 ## - PUBLICATION, DISTRIBUTION, ETC. | |
| Date of publication, distribution, etc. | 1987 |
| 350 ## - PRICE (NR) (BK AM CF MU VM SE) [OBSOLETE] | |
| Price | 0 |
| 490 ## - SERIES STATEMENT | |
| Series statement | Weekly Law Reports |
| Volume/sequential designation | (1987) WLR 841-852(12) |
| 520 ## - SUMMARY, ETC. | |
| Summary, etc. | CA 4 March 1987 Appeal from a cc decision in favour of the defendents in a dispute between neighbours as to the extent of a right of way. The question raised was did it extend only to the metalled carriageway of a private road or to the verges on either side as presented in a plan annexed to the conveyance . CA held that although the conveyance did not expressly describe the road by reference to the plan, the plan was part of the conveyance and as the terms of the parcels were not clear, assistance should be obtained from the plan. Planning permission with which the plan accorded was admissible in evidence as part of the background facts and the conveyance must be construed on the basis that neither party intended it would involve a breach of planning permission. Having regard to the wording of the planning permission and the conveyance, the right of way included not only the metalled carriageway, but also the grass verges. Appeal allowed. |
| 690 ## - LOCAL SUBJECT ADDED ENTRY--TOPICAL TERM (OCLC, RLIN) | |
| Topical term or geographic name as entry element | HIGHWAYS RIGHTS OF WAY AND EASEMENTS |
| 942 ## - ADDED ENTRY ELEMENTS (KOHA) | |
| Suppress in OPAC | 0 |
| 948 ## - LOCAL PROCESSING INFORMATION (OCLC); SERIES PART DESIGNATOR (RLIN) | |
| c (OCLC) | 04/03/1997 |
| Withdrawn status | Lost status | Source of classification or shelving scheme | Damaged status | Not for loan | Home library | Current library | Shelving location | Date acquired | Total Checkouts | Full call number | Barcode | Date last seen | Copy number | Price effective from | Koha item type |
|---|---|---|---|---|---|---|---|---|---|---|---|---|---|---|---|
| Dewey Decimal Classification | London | London | Journal article | 14/09/1999 | ABS37806 | 6844-1001 | 06/08/2019 | 1 | 06/08/2019 | Law report |